• 首页
  • 本馆介绍
  • 公告通知
  • 最新文献
  • 馆藏检索
  • 电子资源
  • 读者导购
  • 参考咨询
  • 我的图书馆
  • 登录
  • 详细信息显示
  • 放入我的书架
  • 预约/预借图书
  • 作者相关作品
  • 分类相关作品
  • 丛书相关作品
  • 出版社相关作品

书目信息

  • 表格格式
  • 工作单格式
  • 卡片格式
题名:
人生各阶段分析
    
 
作者: 伯杰 , Berger , 伯杰 , Berger , 李中泽 著
分册:  
出版信息: 北京   光明日报出版社  1990.11
页数: 226页
开本: 19cm
丛书名:
单 册:
中图分类: C91
科图分类: 33.6
主题词: 社会学
电子资源:
ISBN: 7-80014-788-6
000 00809nam0 2200289 450
001 0191005302
005 20100712224206.0
010    @a7-80014-788-6@dCNY2.80
011    @a7-80014-788-6
100    @a19910412d1990 m y0chiy0110 ea
101 1  @achi@ceng
102    @aCN@b110000
105    @ay z 000yy
106    @ar
200 1  @a人生各阶段分析@9Ren Sheng Ge Jie Duan Fen Xi @f(美)伯 杰(Berger,P.L.),伯杰(Berger,B.)著@g李中泽译
210    @a北京@c光明日报出版社@d1990.11
215    @a226页@d19cm
606 0  @a社会学
690    @aC91
692    @a33.6
701  1 @a伯杰@9bo jie@bP.L.@4著
701  1 @aBerger@bP.L.@4著
701  1 @a伯杰@9bo jie@bB.@4著
701  1 @aBerger@bB.@4著
701  0 @a李中泽@9li zhong ze@4译
801  0 @aCN@b91MARC@c20130904
905    @aBZT@dC91@e83@f2@sC91/83
    
    人生各阶段分析/(美)伯 杰(Berger,P.L.),伯杰(Berger,B.)著/李中泽译.-北京:光明日报出版社,1990.11
    226页;19cm
    
    
    ISBN 7-80014-788-6:CNY2.80
    
●
相关链接 在五车中查询图书 在当当中查询图书 在豆瓣中查询图书


正题名:人生各阶段分析     索取号:C91/83         预约/预借

序号 登录号 条形码 馆藏地/架位号 状态 备注
1 2000142456   2000142456   旧书回溯/ [索取号:C91/83] 在馆    
2 2000142457   2000142457   旧书回溯/ [索取号:C91/83] 在馆    
山东省滨州职业学院图书馆 欢迎您!
大连网信软件有限公司© 版权所有